书目信息 |
| 题名: |
胡雪岩商道宝典
|
|
| 作者: | 邓兴友 编著 | |
| 分册: | ||
| 出版信息: | 北京 经济管理出版社 2004.10 |
|
| 页数: | 320页 | |
| 开本: | 21cm | |
| 丛书名: | ||
| 单 册: | ||
| 中图分类: | F715 | |
| 科图分类: | ||
| 主题词: | 谋略--mou lue , 商业经营--shang ye jing ying | |
| 电子资源: | ||
| ISBN: | 7-80207-023-6 | |
| 000 | 01179nam0 2200337 450 | |
| 000 | 01208nam0 2200337 450 | |
| 000 | 01171nam0 2200325 450 | |
| 000 | 01154nam0 2200325 450 | |
| 000 | 01117nam0 2200313 450 | |
| 001 | CAL 012006040430 | |
| 005 | 20061030162511.82 | |
| 010 | @a7-80207-023-6@dCNY22.00 | |
| 099 | @aCAL 012006040430 | |
| 100 | @a20060830d2004 em y0chiy0120 ea | |
| 101 | 0 | @achi |
| 102 | @aCN@b110000 | |
| 105 | @ay z 000yd | |
| 200 | 1 | @a胡雪岩商道宝典@Ahu xue yan shang dao bao dian@e致富的100个忠告@f邓兴友编著 |
| 210 | @a北京@c经济管理出版社@d2004.10 | |
| 215 | @a320页@d21cm | |
| 330 | @a本书将胡雪岩这些“致富的100个忠告”和他自己在这方面的故事结合起来加以评析, 全书分为励志篇、眼光篇、机遇篇、人才篇、处事篇等。 | |
| 517 | 1 | @a致富的100个忠告@Azhi fu de 100 ge zhong gao |
| 532 | 11 | @a致富的一百个忠告@Azhi fu de yi bai ge zhong gao |
| 600 | 0 | @a胡雪岩,@Ahu xue yan@f1823-1885@x商业经营@x谋略 |
| 600 | 0 | @a胡雪岩,@Ahu xue yan@f1823-1885 |
| 606 | 0 | @a谋略@Amou lue |
| 606 | 0 | @a商业经营@Ashang ye jing ying |
| 690 | @aF715@v4 | |
| 701 | 0 | @a邓兴友@Adeng xing you@4编著 |
| 801 | 0 | @aCN@c20061030 |
| 905 | @a10447@dF715@eD320 | |
| 胡雪岩商道宝典:致富的100个忠告/邓兴友编著.-北京:经济管理出版社,2004.10 |
| 320页;21cm |
| ISBN 7-80207-023-6:CNY22.00 |
| 本书将胡雪岩这些“致富的100个忠告”和他自己在这方面的故事结合起来加以评析, 全书分为励志篇、眼光篇、机遇篇、人才篇、处事篇等。 |
| ● |
| 相关链接 |
|
|
|
正题名:胡雪岩商道宝典
索取号:F715/D320
 
预约/预借
| 序号 | 登录号 | 条形码 | 馆藏地/架位号 | 状态 | 备注 |
| 1 | 633409 | 206334091 | 社科库409/409社科库 45排1列1层/ [索取号:F715/D320] | 在馆 | |
| 2 | 633410 | 206334108 | 管理学院资料室/ [索取号:F715/D320] | 在馆 | |
| 3 | 633411 | 206334117 | 社科库409/409社科库 45排1列1层/ [索取号:F715/D320] | 在馆 |